| 000 | 00665nam a2200205 a 4500 | ||
|---|---|---|---|
| 005 | 20140310183453.0 | ||
| 008 | 090316s19uu xx 00 eng d | ||
| 020 | _a9780071486309 | ||
| 050 |
_aHD 57.7 _b.G6526 2008 |
||
| 245 |
_aGlobal business power plays : _bhow the masters of international enterprise reach the top of their game. |
||
| 260 |
_aNew York : _bMcGraw-Hill, _c2008. |
||
| 300 |
_a149 p. : _bcol. ill. ; _c22 cm. |
||
| 521 | _aBSBA | ||
| 650 | _aBSBA. | ||
| 650 |
_aTechnology innovations. _xManagement. |
||
| 650 |
_aBusiness enterprises _xTechnological innovation. |
||
| 650 | _aBusiness networks. | ||
| 942 |
_cBK _2lcc _kFOR |
||
| 999 |
_c23479 _d23479 |
||